Läden am Logo erkennen - Statistiken

Allgemein
  • Dieses Quiz wurde 169 mal gespielt
  • Das Durchschnittsergebnis liegt bei 13 aus 16
Antwortstatistiken
Bildquiz Antwort % Korrekt
Lidl
99%
Aldi
98%
Kaufland
98%
Edeka
96%
Saturn
96%
Deichmann
95%
Müller
93%
IKEA
90%
Rossmann
89%
MediaMarkt
81%
Hornbach
79%
Peek & Cloppenburg
76%
Ernstings Family
65%
Fressnapf
60%
XXXLutz
57%
Thalia
37%
Keine übereinstimmenden Quizze gefunden
Verteilung der Resultate
Anzahl Personen mit jedem Resultat
Perzentil nach korrekt beantworteten Fragen
Ihre Resultats-Entwicklung
Sie haben dieses Quiz noch nicht gespielt